[Event "4NCL Division 3 Central"]
[Site "Leamington Spa, ENG"]
[Date "2022.02.12"]
[Round "3.46"]
[White "Levens, David G"]
[Black "Terry, Sean"]
[Result "0-1"]
[WhiteElo "1881"]
[BlackElo "1931"]
[PlyCount "88"]
[EventDate "2022.02.12"]
[WhiteTeam "Ashfield 1"]
[BlackTeam "Oxford 2"]

1. e4 c6 2. d4 d5 3. exd5 cxd5 4. c4 Nf6 5. Nc3 Nc6 6. Nf3 e6 7. Be3 dxc4 8.
Bxc4 Be7 9. O-O O-O 10. a3 b6 11. Qc2 Bb7 12. Bd3 Rc8 13. Rfd1 Re8 14. Qe2 Bf8
15. Rac1 Qc7 16. b4 Qb8 17. Qd2 Ne7 18. Bf4 Qa8 19. Ne1 Ned5 20. Bg3 Nxc3 21.
Rxc3 Rxc3 22. Qxc3 Rc8 23. Qd2 a5 24. f3 Nd5 25. bxa5 Qxa5 26. Qxa5 bxa5 27.
Rb1 Bc6 28. Nc2 Ba4 29. Rb8 Rxb8 30. Bxb8 Bxc2 31. Bxc2 Bxa3 32. Kf1 Bb2 33.
Ke2 Bxd4 34. Kd3 Nb4+ 35. Kxd4 Nxc2+ 36. Kc3 Ne1 37. Kb3 Nxg2 38. Ka4 Nh4 39.
f4 f5 40. Kxa5 Nf3 41. h3 g5 42. fxg5 Nxg5 43. h4 Nf3 44. h5 Kg7 0-1

[Event "4NCL Division 3 Central"]
[Site "Leamington Spa, ENG"]
[Date "2022.02.12"]
[Round "3.51"]
[White "Cooper, David M"]
[Black "Ben-Rashed, Mohammed"]
[Result "1-0"]
[WhiteElo "2001"]
[BlackElo "2012"]
[PlyCount "83"]
[EventDate "2022.02.12"]
[WhiteTeam "Warwickshire Select 2"]
[BlackTeam "Shropshire and Friends 1"]

1. Nf3 Nf6 2. c4 e6 3. g3 b6 4. Bg2 Bb7 5. O-O Be7 6. Nc3 O-O 7. d4 Ne4 8. Nxe4
Bxe4 9. Ne1 f5 10. Bxe4 fxe4 11. d5 Na6 12. Qc2 exd5 13. cxd5 Bf6 14. Qxe4 Nc5
15. Qc4 Kh8 16. Nd3 Nxd3 17. Qxd3 Qe7 18. e4 Rae8 19. f3 Qb4 20. Rb1 Qa4 21. a3
c5 22. Be3 c4 23. Qd2 b5 24. Bc5 Rc8 25. Bxf8 Rxf8 26. Qb4 Qxb4 27. axb4 Be7
28. Kg2 Bxb4 29. f4 Bd2 30. Rfd1 Ba5 31. d6 Rb8 32. Rd5 Bb4 33. Kf3 a6 34. Ke3
c3 35. bxc3 Bxc3 36. Rc5 Ba5 37. Kd3 Kg8 38. e5 Kf7 39. f5 Bd8 40. Rbc1 Bg5 41.
Rc8 Rb6 42. R1c7 1-0

[Event "4NCL Division 3 Central"]
[Site "Leamington Spa, ENG"]
[Date "2022.02.12"]
[Round "3.52"]
[White "Taylor, Robert K"]
[Black "Pal, Rohan"]
[Result "1/2-1/2"]
[WhiteElo "1939"]
[BlackElo "1976"]
[PlyCount "77"]
[EventDate "2022.02.12"]
[WhiteTeam "Shropshire and Friends 1"]
[BlackTeam "Warwickshire Select 2"]

1. e4 c5 2. Nf3 Nc6 3. d4 cxd4 4. Nxd4 Nf6 5. Nc3 e6 6. Nxc6 bxc6 7. e5 Nd5 8.
Ne4 Qc7 9. f4 Qb6 10. c4 Bb4+ 11. Ke2 Ba6 12. Kf3 f5 13. Nd6+ Bxd6 14. cxd5 Bc5
15. dxe6 dxe6 16. Bxa6 Qxa6 17. Qe2 Qa4 18. Rd1 Rb8 19. b3 Qb4 20. Bd2 Qb5 21.
Qxb5 cxb5 22. Rac1 Bb6 23. Bb4 Rd8 24. Bd6 Kf7 25. Rc6 Rd7 26. Rdc1 Rhd8 27.
R1c2 h6 28. Ke2 g5 29. fxg5 hxg5 30. Rc8 Kg6 31. a4 bxa4 32. bxa4 g4 33. Kd3
Bg1 34. h3 gxh3 35. gxh3 Bb6 36. Rg2+ Kf7 37. Rgc2 Kg6 38. Rg2+ Kf7 39. Rgc2
1/2-1/2

[Event "4NCL Division 3 Central"]
[Site "Leamington Spa, ENG"]
[Date "2022.02.12"]
[Round "3.53"]
[White "Sandhu, Manvith"]
[Black "Stuttard, David"]
[Result "1-0"]
[WhiteElo "1931"]
[BlackElo "1831"]
[PlyCount "87"]
[EventDate "2022.02.12"]
[WhiteTeam "Warwickshire Select 2"]
[BlackTeam "Shropshire and Friends 1"]

1. e4 e5 2. Nf3 Nf6 3. Nc3 Bb4 4. Nxe5 O-O 5. Be2 Qe7 6. Nf3 Nc6 7. O-O Bxc3 8.
dxc3 d6 9. Bd3 Bg4 10. h3 Bh5 11. Re1 Ne5 12. Be2 Rad8 13. Nd4 Bg6 14. Bd3 Rfe8
15. Bg5 Nxd3 16. cxd3 c5 17. Bxf6 Qxf6 18. Nb5 c4 19. dxc4 Bxe4 20. f3 Bc6 21.
Nxa7 Rxe1+ 22. Qxe1 Bd7 23. Nb5 h5 24. Rd1 Bxh3 25. gxh3 Qxf3 26. Rd2 Qxh3 27.
Qe7 Rd7 28. Qe8+ Kh7 29. Rh2 Qg4+ 30. Rg2 Qf5 31. Nd4 Qb1+ 32. Kh2 Rc7 33. Qf8
g6 34. Qxd6 Rxc4 35. Qf4 Kg8 36. Qb8+ Kh7 37. Qf4 Kg8 38. Qb8+ Kh7 39. Qxb7 Kg8
40. Qb8+ Kh7 41. Qb7 Kg8 42. Qd5 Qd3 43. Rg3 Qd2+ 44. Kh3 1-0

[Event "4NCL Division 3 Central"]
[Site "Leamington Spa, ENG"]
[Date "2022.02.12"]
[Round "3.54"]
[White "Bryant, Richard B E"]
[Black "Dicen, Imogen"]
[Result "0-1"]
[WhiteElo "1827"]
[BlackElo "1886"]
[PlyCount "106"]
[EventDate "2022.02.12"]
[WhiteTeam "Shropshire and Friends 1"]
[BlackTeam "Warwickshire Select 2"]

1. e4 c5 2. Na3 Nc6 3. g3 Nf6 4. Bg2 g6 5. c3 d5 6. exd5 Nxd5 7. Ne2 Bg7 8. O-O
O-O 9. Nc2 Bg4 10. f3 Bf5 11. d3 Rc8 12. g4 Bd7 13. Ne3 Nxe3 14. Bxe3 b6 15.
Ng3 e5 16. h3 Be6 17. Qe2 Qd7 18. Ne4 f6 19. Rfd1 Rfd8 20. Bf2 Qf7 21. b3 Rc7
22. Rf1 Rcd7 23. Rad1 Ne7 24. c4 Nc6 25. a3 Nd4 26. Bxd4 Rxd4 27. f4 exf4 28.
Rxf4 Qe7 29. Rff1 Bf7 30. Qc2 R8d7 31. Rde1 Qd8 32. Nf2 f5 33. gxf5 gxf5 34.
Kh1 Kh8 35. Qd2 Qh4 36. Qe3 Bf6 37. Qf3 Rf4 38. Qc6 Rd8 39. Qc7 Bh5 40. Re6
Rfd4 41. Qc6 Bg7 42. Rfe1 R4d7 43. Bf3 Bf7 44. R6e2 Bd4 45. Bg2 Rd6 46. Qf3 Bh5
47. Re8+ Rxe8 48. Rxe8+ Bxe8 49. Ne4 Qe1+ 50. Bf1 Rg6 51. Qxf5 Bc6 52. Kh2 Bxe4
53. dxe4 Qg3+ 0-1

[Event "4NCL Division 3 Central"]
[Site "Leamington Spa, ENG"]
[Date "2022.02.12"]
[Round "3.55"]
[White "Dicen, Elis Denele"]
[Black "Bailey, Adrian"]
[Result "0-1"]
[WhiteElo "1895"]
[BlackElo "1797"]
[PlyCount "106"]
[EventDate "2022.02.12"]
[WhiteTeam "Warwickshire Select 2"]
[BlackTeam "Shropshire and Friends 1"]

1. d4 Nf6 2. Bg5 d5 3. Bxf6 exf6 4. e3 Bf5 5. Nd2 c6 6. c4 Qb6 7. Qc1 a5 8.
Ngf3 Na6 9. a3 Be7 10. Be2 O-O 11. O-O Rac8 12. c5 Qd8 13. Qc3 b5 14. cxb6 Qxb6
15. Nb3 a4 16. Bxa6 Qxa6 17. Nc5 Bxc5 18. Qxc5 Rb8 19. Rac1 Rfc8 20. Rc3 Rxb2
21. Nh4 Bd3 22. Rd1 Rb3 23. Rdc1 Bc4 24. Nf5 Rcb8 25. h3 g6 26. Ne7+ Kg7 27. e4
Rxc3 28. Rxc3 Rb3 29. Rc1 Qb5 30. exd5 cxd5 31. Qc8 Qb8 32. Qc5 Qf4 33. Ra1 Rb2
34. Kh1 Qxf2 35. Rg1 Rd2 36. Nxd5 Bxd5 37. Qxd5 Qxd4 38. Qc6 Rd3 39. Rc1 Rxa3
40. Rc4 Ra1+ 41. Rc1 Rxc1+ 42. Qxc1 Qb4 43. Qa1 a3 44. Qc1 Qb2 45. Qe1 a2 46.
Qf1 a1=Q 47. Qxa1 Qxa1+ 48. Kh2 Qe5+ 49. Kh1 Kh6 50. h4 Kh5 51. g3 Kg4 52. h5
Kxg3 53. h6 Qe1# 0-1

[Event "4NCL Division 3 Central"]
[Site "Leamington Spa, ENG"]
[Date "2022.02.12"]
[Round "3.56"]
[White "Pugh, Glyn D"]
[Black "Cundy, Mark A"]
[Result "1/2-1/2"]
[WhiteElo "1795"]
[BlackElo "1866"]
[PlyCount "86"]
[EventDate "2022.02.12"]
[WhiteTeam "Shropshire and Friends 1"]
[BlackTeam "Warwickshire Select 2"]

1. d4 f5 2. Nf3 Nf6 3. h3 d6 4. c4 g6 5. Nc3 Bg7 6. Bg5 c6 7. Qd2 Be6 8. Bxf6
Bxf6 9. e4 Na6 10. d5 Bd7 11. exf5 Bxf5 12. Nd4 Bd7 13. Ne4 O-O 14. Nxf6+ Rxf6
15. Be2 Nc7 16. Bf3 c5 17. Ne2 b5 18. b3 a5 19. Nc3 a4 20. Ne4 Rf8 21. O-O Qe8
22. Be2 Qf7 23. b4 cxb4 24. Qxb4 bxc4 25. Bxc4 Rfb8 26. Qd2 Qf5 27. Rfe1 a3 28.
Bb3 Ne8 29. Qd4 Qf4 30. Re3 Nf6 31. Nxf6+ Qxf6 32. Qxf6 exf6 33. Rc1 Rc8 34.
Rec3 Kf8 35. Rxc8+ Rxc8 36. Rxc8+ Bxc8 37. Bc4 Ke7 38. Kf1 Kd7 39. Ke2 Kc7 40.
Ke3 Kb6 41. Kd4 Ka5 42. Kc3 Ka4 43. h4 Bf5 1/2-1/2

[Event "4NCL Division 3 Central"]
[Site "Leamington Spa, ENG"]
[Date "2022.02.12"]
[Round "3.61"]
[White "David, Barry A H"]
[Black "Flynn, David"]
[Result "1-0"]
[WhiteElo "1668"]
[BlackElo "1851"]
[PlyCount "74"]
[EventDate "2022.02.12"]
[WhiteTeam "Deaf England"]
[BlackTeam "Ashfield 2"]

1. e4 c5 2. Nf3 Nc6 3. Bb5 g6 4. Bxc6 dxc6 5. a4 a5 6. d3 Bg7 7. h3 Nf6 8. Nc3
Nd7 9. Be3 b6 10. Qd2 h6 11. O-O-O e5 12. Kb1 Nf8 13. h4 Ne6 14. Ne2 Qc7 15.
Ng3 Nd4 16. c3 Nxf3 17. gxf3 Be6 18. f4 O-O-O 19. fxe5 Bxe5 20. f4 Bg7 21. Rhg1
Bg4 22. Rc1 h5 23. d4 Kb7 24. Qf2 c4 25. f5 Bh6 26. Bxh6 Rxh6 27. f6 Rhh8 28.
e5 Rhe8 29. Rce1 c5 30. Kc1 cxd4 31. cxd4 Qd7 32. Ne4 Qxa4 33. Nd6+ Rxd6 34.
exd6 Qa1+ 35. Kc2 Bf5+ 36. Kc3 Qa4 37. Rxe8 Qb4# 1-0

[Event "4NCL Division 3 Central"]
[Site "Leamington Spa, ENG"]
[Date "2022.02.12"]
[Round "3.62"]
[White "Bentley, Alex"]
[Black "Ajimal, Jet"]
[Result "1-0"]
[WhiteElo "1750"]
[BlackElo "1618"]
[PlyCount "67"]
[EventDate "2022.02.12"]
[WhiteTeam "Ashfield 2"]
[BlackTeam "Deaf England"]

{[%evp 0,15,25,14,18,12,12,-10,64,57,55,35,56,54,76,81,67,67]} 1. e4 e5 2. Nc3
Nf6 3. f4 exf4 4. e5 Ng8 5. Nf3 d5 6. d4 Bb4 7. Bxf4 Ne7 8. Bd3 Bf5 9. O-O Bxd3
10. Qxd3 O-O 11. Ng5 Ng6 12. e6 f6 13. Nf7 Qc8 14. Qe3 Re8 15. Nxd5 Rxe6 16.
Qb3 Nxf4 17. Nxf4 Kxf7 18. Nxe6 Qxe6 19. Qxb4 Qd5 20. Qb3 Qxb3 21. axb3 Nc6 22.
c3 a6 23. b4 Re8 24. Rfe1 Rxe1+ 25. Rxe1 Ne7 26. c4 Nc6 27. b5 axb5 28. d5 Nb4
29. b3 b6 30. Ra1 bxc4 31. bxc4 Ke7 32. Ra8 Nc2 33. Rg8 Kf7 34. Rc8 1-0

[Event "4NCL Division 3 Central"]
[Site "Leamington Spa, ENG"]
[Date "2022.02.12"]
[Round "3.63"]
[White "Gibson, Stephen"]
[Black "Hill, Maurice J"]
[Result "0-1"]
[WhiteElo "1503"]
[BlackElo "1717"]
[PlyCount "62"]
[EventDate "2022.02.12"]
[WhiteTeam "Deaf England"]
[BlackTeam "Ashfield 2"]

{[%evp 0,21,19,31,40,43,17,7,39,20,25,26,26,22,10,3,30,-7,0,-38,-11,-38,-41,
-67]} 1. e4 c5 2. d4 cxd4 3. c3 dxc3 4. Nxc3 Nc6 5. Nf3 d6 6. Bc4 e6 7. O-O a6
8. a3 Be7 9. b4 b5 10. Bb3 Nf6 11. Be3 O-O 12. Qc2 Bd7 13. Rac1 Rc8 14. Qb1 Ng4
15. Bf4 Nge5 16. Bxe5 dxe5 17. Rfd1 Bf6 18. Ne2 Qe7 19. Rc2 Rfd8 20. Rcd2 Be8
21. Qb2 Rxd2 22. Rxd2 Rd8 23. Kf1 Rxd2 24. Qxd2 Qc7 25. Ne1 Nd4 26. Bd1 h6 27.
f3 Qc4 28. Nd3 Bg5 29. Nxe5 Bxd2 30. Nxc4 bxc4 31. Nxd4 Be3 0-1

[Event "4NCL Division 3 Central"]
[Site "Leamington Spa, ENG"]
[Date "2022.02.12"]
[Round "3.64"]
[White "Graham, Neil"]
[Black "Woolfe, Howard S"]
[Result "1-0"]
[WhiteElo "1751"]
[BlackElo "1300"]
[PlyCount "47"]
[EventDate "2022.02.12"]
[WhiteTeam "Ashfield 2"]
[BlackTeam "Deaf England"]

1. d4 d5 2. e4 dxe4 3. Nc3 Nf6 4. f3 e6 5. fxe4 Nc6 6. Nf3 a6 7. a3 Be7 8. Bd3
h6 9. e5 Nd5 10. O-O O-O 11. Ne2 b5 12. b3 Bb7 13. Qe1 Kh8 14. c4 bxc4 15. bxc4
Nb6 16. Qc3 Rg8 17. Bc2 g5 18. Qd3 Rg7 19. Rb1 Rb8 20. Ng3 Qg8 21. Nh5 Rg6 22.
d5 Nd8 23. Bb2 Kh7 24. d6 1-0

[Event "4NCL Division 3 Central"]
[Site "Leamington Spa, ENG"]
[Date "2022.02.12"]
[Round "3.65"]
[White "Simmons, Michael W"]
[Black "Hardman, Daniel"]
[Result "0-1"]
[WhiteElo "1201"]
[BlackElo "1705"]
[PlyCount "76"]
[EventDate "2022.02.12"]
[WhiteTeam "Deaf England"]
[BlackTeam "Ashfield 2"]

{[%evp 0,21,33,20,28,26,23,22,17,3,14,1,-2,-18,20,5,23,22,21,2,-3,-1,19,-25]} 
1. d4 Nf6 2. Nf3 e6 3. Nc3 d5 4. a3 c5 5. e3 Nc6 6. Be2 Bd6 7. O-O O-O 8. dxc5
Bxc5 9. b4 Be7 10. Bb2 a6 11. Qc1 Bd7 12. Rb1 b5 13. Bd3 e5 14. e4 d4 15. Ne2
Rc8 16. Qd2 Bg4 17. Ne1 Qb6 18. f3 Be6 19. Ng3 Bc4 20. Kh1 Rfd8 21. Qf2 Nd7 22.
c3 Bxd3 23. Nxd3 dxc3 24. Bxc3 Qxf2 25. Rxf2 f6 26. Rc1 Nb6 27. Ne1 Nd4 28. Bb2
Nc4 29. Bxd4 exd4 30. Nf5 Bf8 31. Nc2 Nxa3 32. g3 Nxc2 33. Rcxc2 Rxc2 34. Rxc2
d3 35. Rd2 Bxb4 36. Rd1 d2 37. Ne3 Rc8 38. Nf1 Rc1 0-1

[Event "4NCL Division 3 Central"]
[Site "Leamington Spa, ENG"]
[Date "2022.02.12"]
[Round "3.66"]
[White "Brown, Stephanie"]
[Black "Paull, James"]
[Result "1-0"]
[WhiteElo "1436"]
[BlackElo "1185"]
[PlyCount "57"]
[EventDate "2022.02.12"]
[WhiteTeam "Ashfield 2"]
[BlackTeam "Deaf England"]

1. d4 e6 2. c4 d5 3. e3 Nf6 4. Bd3 Bd6 5. c5 Be7 6. Nf3 c6 7. Bd2 b6 8. b4 b5
9. O-O h6 10. Ne5 Bb7 11. f4 Nbd7 12. Nc3 Nxe5 13. fxe5 Ne4 14. Nxe4 dxe4 15.
Bxe4 Qd7 16. Qf3 Bd8 17. Rf2 a5 18. a3 axb4 19. Bxb4 Ba5 20. Raf1 O-O 21. Qg4
Bxb4 22. axb4 Ra4 23. Rf6 Kh8 24. R6f3 Rxb4 25. Bg6 f6 26. exf6 Rxf6 27. Rxf6
gxf6 28. Rxf6 Qg7 29. Qxe6 1-0

[Event "4NCL Division 3 Central"]
[Site "Leamington Spa, ENG"]
[Date "2022.02.12"]
[Round "3.71"]
[White "Holmes, Thalia"]
[Black "Neatherway, A Philip"]
[Result "0-1"]
[WhiteElo "1651"]
[BlackElo "1779"]
[PlyCount "52"]
[EventDate "2022.02.12"]
[WhiteTeam "Shropshire and Friends 2"]
[BlackTeam "Oxford 4"]

1. d4 Nf6 2. c4 g6 3. f3 d5 4. cxd5 Nxd5 5. e4 Nb6 6. Nc3 Bg7 7. Be3 O-O 8. Qd2
Nc6 9. O-O-O e5 10. d5 Nd4 11. f4 Bg4 12. Re1 c5 13. fxe5 Bxe5 14. Nf3 Bxf3 15.
Bxd4 cxd4 16. Nb5 Bg4 17. Kb1 Qf6 18. Bd3 a6 19. Na3 Rac8 20. Rhf1 Qe7 21. Rf2
Bd7 22. Ref1 Na4 23. Nc4 Nc5 24. d6 Bxd6 25. Re1 Nxd3 26. Qxd3 Bb5 0-1

[Event "4NCL Division 3 Central"]
[Site "Leamington Spa, ENG"]
[Date "2022.02.12"]
[Round "3.72"]
[White "Kassey, Amaan"]
[Black "Slegg, Gary"]
[Result "1-0"]
[WhiteElo "1653"]
[BlackElo "1528"]
[PlyCount "49"]
[EventDate "2022.02.12"]
[WhiteTeam "Oxford 4"]
[BlackTeam "Shropshire and Friends 2"]

{[%evp 0,24,19,14,60,60,66,58,81,74,60,57,48,49,91,52,44,-44,-59,-75,-75,-72,
-45,-48,-36,-15,-35]} 1. e4 c5 2. Nf3 Nc6 3. Nc3 g6 4. d4 cxd4 5. Nxd4 Bg7 6.
Be3 Nf6 7. Bc4 O-O 8. h3 Nxe4 9. Bxf7+ Rxf7 10. Nxe4 Qa5+ 11. c3 Nxd4 12. Bxd4
Qf5 13. Ng3 Qf4 14. Be3 Qc4 15. Ne2 d6 16. O-O Qh4 17. Nd4 Bd7 18. Re1 Bxh3 19.
gxh3 Qxh3 20. Qd2 Bxd4 21. Bxd4 Rf5 22. Qe3 Rf3 23. Qxe7 Qg4+ 24. Kf1 Rh3 25.
Qg7# 1-0

[Event "4NCL Division 3 Central"]
[Site "Leamington Spa, ENG"]
[Date "2022.02.12"]
[Round "3.73"]
[White "Khemoudj, Omar"]
[Black "Hibbitt, Arthur"]
[Result "0-1"]
[WhiteElo "1481"]
[BlackElo "1731"]
[PlyCount "112"]
[EventDate "2022.02.12"]
[WhiteTeam "Shropshire and Friends 2"]
[BlackTeam "Oxford 4"]

1. e4 c5 2. Nf3 g6 3. d3 Bg7 4. Be2 Nf6 5. O-O Nc6 6. Be3 d5 7. exd5 Nxd5 8. c3
Nxe3 9. fxe3 O-O 10. d4 cxd4 11. exd4 e6 12. Nbd2 a6 13. a4 e5 14. dxe5 Nxe5
15. Nxe5 Bxe5 16. Qc1 Be6 17. Nf3 Bg7 18. Qf4 Rc8 19. Qb4 Qc7 20. Kh1 Rfe8 21.
Bd3 a5 22. Qh4 Bc4 23. Ng5 h6 24. Bxc4 Qxc4 25. Nf3 Qxh4 26. Nxh4 Re2 27. Rab1
Rc4 28. b3 Rxc3 29. Nf3 Rcc2 30. g4 Rf2 31. Kg1 Rxf1+ 32. Kxf1 Kf8 33. b4 b6
34. bxa5 bxa5 35. Rd1 Rc4 36. g5 Rxa4 37. Rd5 hxg5 38. Rxg5 Ra1+ 39. Ke2 a4 40.
h4 a3 41. h5 gxh5 42. Rxh5 a2 43. Ra5 Bc3 44. Ra4 Bf6 45. Ne1 Rxe1+ 46. Kxe1
a1=Q+ 47. Rxa1 Bxa1 48. Ke2 Ke7 49. Ke3 Ke6 50. Kf3 f5 51. Ke3 Ke5 52. Kf3 f4
53. Kf2 Ke4 54. Ke1 Ke3 55. Kf1 Kf3 56. Ke1 Kg2 0-1

[Event "4NCL Division 3 Central"]
[Site "Leamington Spa, ENG"]
[Date "2022.02.12"]
[Round "3.74"]
[White "Tringali, Alessandro"]
[Black "Sloan, Cecil"]
[Result "1-0"]
[WhiteElo "1635"]
[BlackElo "1480"]
[PlyCount "111"]
[EventDate "2022.02.12"]
[WhiteTeam "Oxford 4"]
[BlackTeam "Shropshire and Friends 2"]

1. e4 c5 2. Nf3 e6 3. b3 Be7 4. Bb2 Bf6 5. e5 Be7 6. g3 d5 7. exd6 Bf6 8. Bxf6
Nxf6 9. Bg2 Qxd6 10. O-O O-O 11. Na3 Nc6 12. Nc4 Qe7 13. Nfe5 Nxe5 14. Nxe5 Nd7
15. Nc4 Rb8 16. a4 b6 17. d4 Bb7 18. Re1 Bxg2 19. Kxg2 cxd4 20. Qxd4 Rfd8 21.
Qf4 Qf6 22. Qc7 Ra8 23. Rad1 Nc5 24. Rxd8+ Qxd8 25. Qf4 Qd5+ 26. Qf3 Qxf3+ 27.
Kxf3 Rd8 28. Re2 Kf8 29. Rd2 Rxd2 30. Nxd2 Ke7 31. Ke3 Kd6 32. Kd4 e5+ 33. Kc4
a6 34. Kb4 Kc6 35. f3 f6 36. a5 b5 37. Kc3 Kd5 38. b4 Na4+ 39. Kd3 Nb2+ 40. Kc3
Na4+ 41. Kb3 Kd4 42. c4 bxc4+ 43. Nxc4 Nc3 44. Nd6 Nd5 45. b5 axb5 46. a6 Ke3
47. a7 Nb6 48. Kb4 Kxf3 49. Kxb5 Na8 50. Ka6 e4 51. Nxe4 Kxe4 52. Kb7 Kf3 53.
Kxa8 Kg2 54. Kb8 Kxh2 55. a8=Q Kxg3 56. Qa7 1-0

[Event "4NCL Division 3 Central"]
[Site "Leamington Spa, ENG"]
[Date "2022.02.12"]
[Round "3.75"]
[White "Morris, Nigel W"]
[Black "Hertog, Alexander"]
[Result "0-1"]
[WhiteElo "1401"]
[BlackElo "1450"]
[PlyCount "48"]
[EventDate "2022.02.12"]
[WhiteTeam "Shropshire and Friends 2"]
[BlackTeam "Oxford 4"]

{[%evp 0,17,42,19,19,26,30,-1,11,13,52,1,1,-8,107,9,8,-5,-14,-18]} 1. d4 d5 2.
Nf3 Nf6 3. e3 Bg4 4. h3 Bh5 5. g4 Bg6 6. Ne5 Nbd7 7. Nxg6 hxg6 8. Bg2 e6 9. a3
Be7 10. c4 c6 11. Nd2 Nb6 12. c5 Nbd7 13. b4 e5 14. dxe5 Nxe5 15. Qc2 d4 16. e4
Qc7 17. Nb3 d3 18. Qc3 Nexg4 19. hxg4 Rxh1+ 20. Bxh1 Qh2 21. Qxd3 Qxh1+ 22. Ke2
Rd8 23. Qc2 Qg2 24. Nd2 Nxg4 0-1